000 00497nam a2200181Ia 4500
005 20250317122939.0
008 008 250317s9999 xx 000 0 eng d
037 _aTextbook
040 _aFMSL
_beng
_cFMSL
041 _aeng
_2eng
084 _aC83(D) N0
_qFMSL
100 _aVlack L H
_9739832
245 0 _aElements of materials science
260 _aMass
_bMass, Addison Westley
_c1960
300 _a528p
942 _cTB
_hC83(D) N0
999 _c1249262
_d1249262